Govt. of
Madhya Pradesh

MANORAMA Yearbook 2026 (Record no. 68529)

MARC details
000 -LEADER
fixed length control field 00258nam a22001097a 4500
082 ## - DEWEY DECIMAL CLASSIFICATION NUMBER
Classification number 001
100 ## - MAIN ENTRY--AUTHOR NAME
Personal name Malayala Manorma
245 ## - TITLE STATEMENT
Title MANORAMA Yearbook 2026
260 ## - PUBLICATION, DISTRIBUTION, ETC. (IMPRINT)
Place of publication Delhi
Name of publisher Malayala Manorma
Year of publication 2026
650 ## - SUBJECT ADDED ENTRY--TOPICAL TERM
Topical Term General book
942 ## - ADDED ENTRY ELEMENTS (KOHA)
Koha item type Books
Holdings
Withdrawn status Lost status Damaged status Not for loan Home library Current library Date acquired Cost, normal purchase price Full call number Accession Number Price effective from Koha item type
        MACL MACL 31/12/2025 350.00 001 DPI004086 31/12/2025 Books